000 01324nam a2200361Ia 4500
001 ebr10225373
003 CaPaEBR
006 m u
007 cr cn|||||||||
008 071101s2008 inua s 001 0 eng d
010 _z 2007045592
020 _z9780470174623 (pbk.)
020 _z0470174625 (pbk.)
040 _aCaPaEBR
_cCaPaEBR
035 _a(OCoLC)608622305
050 1 4 _aTK5105.888
_b.A7836 2008eb
082 0 4 _a006.7
_222
100 1 _aAsh, Tim,
_d1965-
245 1 0 _aLanding page optimization
_h[electronic resource] :
_bthe definitive guide to testing and tuning for conversions /
_cTim Ash.
260 _aIndianapolis, Ind. :
_bSybex/Wiley,
_cc2008.
300 _axxi, 360 p. :
_bill.
490 1 _aSerious skills
500 _aIncludes index.
533 _aElectronic reproduction.
_bPalo Alto, Calif. :
_cebrary,
_d2011.
_nAvailable via World Wide Web.
_nAccess may be limited to ebrary affiliated libraries.
650 0 _aWeb sites
_xEvaluation.
650 0 _aWeb sites
_xTesting.
650 0 _aWeb sites
_xDesign.
650 0 _aInternet marketing.
655 7 _aElectronic books.
_2local
710 2 _aebrary, Inc.
830 0 _aSerious skills.
856 4 0 _uhttp://site.ebrary.com/lib/rucke/Doc?id=10225373
_zAn electronic book accessible through the World Wide Web; click to view
999 _c41097
_d41097